<?xml version="1.0" encoding="UTF-8"?>
<record
    xmlns:xsi="http://www.w3.org/2001/XMLSchema-instance"
    xsi:schemaLocation="http://www.loc.gov/MARC21/slim http://www.loc.gov/standards/marcxml/schema/MARC21slim.xsd"
    xmlns="http://www.loc.gov/MARC21/slim">

  <leader>03041cam a2200337 i 4500</leader>
  <controlfield tag="001">114122</controlfield>
  <controlfield tag="003">DR-UNIBE</controlfield>
  <controlfield tag="005">20251001155139.0</controlfield>
  <controlfield tag="008">190816t2020    vp a          000 0 eng  </controlfield>
  <datafield tag="020" ind1=" " ind2=" ">
    <subfield code="a">9780367150006</subfield>
  </datafield>
  <datafield tag="040" ind1=" " ind2=" ">
    <subfield code="a">DLC</subfield>
    <subfield code="b">spa</subfield>
    <subfield code="c">DLC</subfield>
    <subfield code="e">rda</subfield>
    <subfield code="d">DLC</subfield>
    <subfield code="d">BIBLIOTECA UNIBE</subfield>
  </datafield>
  <datafield tag="041" ind1=" " ind2=" ">
    <subfield code="a">eng</subfield>
  </datafield>
  <datafield tag="082" ind1="0" ind2="0">
    <subfield code="a"> 338.4791 T727h</subfield>
    <subfield code="2">23</subfield>
  </datafield>
  <datafield tag="245" ind1="0" ind2="0">
    <subfield code="a">Tourism, hospitality and digital transformation :</subfield>
    <subfield code="b">strategic management aspects</subfield>
  </datafield>
  <datafield tag="250" ind1=" " ind2=" ">
    <subfield code="a">Primera edici&#xF3;n</subfield>
  </datafield>
  <datafield tag="260" ind1=" " ind2=" ">
    <subfield code="a">London ;</subfield>
    <subfield code="a">New York :</subfield>
    <subfield code="b">Routledge, Taylor &amp; Francis Group,</subfield>
    <subfield code="c">2020</subfield>
  </datafield>
  <datafield tag="300" ind1=" " ind2=" ">
    <subfield code="a">xxii, 228 p&#xE1;ginas :</subfield>
    <subfield code="b">ilustraciones</subfield>
  </datafield>
  <datafield tag="490" ind1="0" ind2=" ">
    <subfield code="a">Innovation and technology horizons</subfield>
  </datafield>
  <datafield tag="504" ind1=" " ind2=" ">
    <subfield code="a">Incluye referencias bibliogr&#xE1;ficas e &#xED;ndice.</subfield>
  </datafield>
  <datafield tag="505" ind1=" " ind2=" ">
    <subfield code="a">1. Tourism, Hospitality and Digital Transformation: The Relevance for Society | 
2. Digitalisation in the Hotel Industry | 
3. Change Management and Leadership in the Fourth Industrial Revolution | 
4. Love is the Bridge between You and Everything: Relationships of Identity, Experience and Benevolence to Travelers&#x2019; Loyalty and Willingness to Purchase | 
5. Towards a Typology of Organizational Agility for Hotel Industry | 
6. The Application of Theories about Capital Structure: Packing Order, Trade-off and Signalling in the Hotel Units in Portugal | 
7. Do Customers Really Matter? Effect of Customer Orientation on Innovativeness: Evidence from Hotel Industry in Poland | 
8. Destination Functional Attributes and Tourists&#x2019; Revisit Intention to Sri Lanka&#x2019;s Pasikuda: A Critical Role of Destination Brand Equity | 
9. Digital Application: Evidence from Zurich Airport | 
10. Innovation in Tourism Destination Marketing | 
11. Surf Tourism Knowledge System: A Conceptual Approach | 
</subfield>
  </datafield>
  <datafield tag="520" ind1=" " ind2=" ">
    <subfield code="a">"Innovation and technological advancements can be disruptive forces especially for conventional business in the hospitality and tourism industries. The book is timely with its critical examination of such forces and how the two industries should strategize and respond to changes effectively. This book examines a wide scope of topics from environmental scanning, formulation, implementation and evaluation to the way managers make strategy choices for better organizational performance. The book illustrates how companies can re-orient their strategies and appraise the effectiveness of the business; its key competitors; and how they should set business goals through various cases, i.e. different types of hospitality and tourism business from traditional hotels to Airbnb and endeavors to provide strategic conceptual theories with real world application through such case studies"--</subfield>
    <subfield code="c">Provided by publisher.</subfield>
  </datafield>
  <datafield tag="650" ind1=" " ind2="7">
    <subfield code="a">Turismo</subfield>
    <subfield code="2">lemb</subfield>
  </datafield>
  <datafield tag="650" ind1=" " ind2="7">
    <subfield code="a">Gesti&#xF3;n</subfield>
    <subfield code="2">lemb</subfield>
  </datafield>
  <datafield tag="650" ind1=" " ind2="7">
    <subfield code="a">Tecnolog&#xED;as de la informaci&#xF3;n</subfield>
    <subfield code="2">lemb</subfield>
    <subfield code="9">199528</subfield>
  </datafield>
  <datafield tag="653" ind1="0" ind2="0">
    <subfield code="a">Industria hotelera -- Administraci&#xF3;n</subfield>
  </datafield>
  <datafield tag="700" ind1="1" ind2=" ">
    <subfield code="a">Tajeddini, Kayhan,</subfield>
    <subfield code="e">editor.</subfield>
    <subfield code="9">199479</subfield>
  </datafield>
  <datafield tag="700" ind1="1" ind2=" ">
    <subfield code="a">Ratten, Vanessa,</subfield>
    <subfield code="e">editor.</subfield>
    <subfield code="9">199480</subfield>
  </datafield>
  <datafield tag="700" ind1="1" ind2=" ">
    <subfield code="a">Merkle, Thorsten,</subfield>
    <subfield code="e">editor.</subfield>
    <subfield code="9">199481</subfield>
  </datafield>
  <datafield tag="710" ind1="2" ind2=" ">
    <subfield code="a">Routledge (Firm)</subfield>
    <subfield code="9">199482</subfield>
  </datafield>
  <datafield tag="942" ind1=" " ind2=" ">
    <subfield code="2">ddc</subfield>
    <subfield code="c">BK</subfield>
  </datafield>
  <datafield tag="999" ind1=" " ind2=" ">
    <subfield code="c">114122</subfield>
    <subfield code="d">114122</subfield>
  </datafield>
  <datafield tag="952" ind1=" " ind2=" ">
    <subfield code="0">0</subfield>
    <subfield code="1">0</subfield>
    <subfield code="2">ddc</subfield>
    <subfield code="7">0</subfield>
    <subfield code="8">GEN</subfield>
    <subfield code="a">Principal</subfield>
    <subfield code="b">Principal</subfield>
    <subfield code="c">NEW</subfield>
    <subfield code="d">2025-10-01</subfield>
    <subfield code="l">0</subfield>
    <subfield code="o"> 338.4791 T727h</subfield>
    <subfield code="p">251039</subfield>
    <subfield code="r">2025-10-01 15:52:25</subfield>
    <subfield code="t">Ej. 1</subfield>
    <subfield code="w">2025-10-01</subfield>
    <subfield code="y">BK</subfield>
  </datafield>
</record>
